She's Kinda Hot Lyrics - 5SOS - Statistics

General Stats
  • This quiz has been taken 779 times
  • The average score is 22 of 29
Answer Stats
She's Kinda Hot Lyrics % Correct
My girlfriends bitchin' cause I always ____ in Sleep
99%
She's _____ hot though kinda
90%
yeah shes ____ hot though kinda
89%
She's kinda ___ though hot
84%
yeah shes kinda ___ though hot
84%
shes kinda hot _____ though
83%
she won't get out of my ____ head
82%
My _____ is telling me I've got _____ dreams low
80%
he's got a ____ though shot
78%
yeah he's got a ____ though shot
78%
you've got a _____ though shot
77%
but we're ______ though alright
76%
yeah we're ______ though alright
76%
yeah we're _____ though alright
75%
his mom and ___ both think he's a ____ dad slob
74%
We are the _____ and the queens of the new _____ scene kings broken
74%
she put me on ____ meds
73%
She's always _____ when shes calling her ____ screaming friends
73%
when you've got ______ plans, that no one else _________ bigger understands
72%
they say were _____ but we're ______ with that losers alright
72%
my friend left ____ cause it felt like a job college
71%
'Cause we’re the kings and the ______ of the new broken scene queens
71%
but __ alright though I'm
70%
and ____ alright though we're
70%
sometimes i'm _______ like i'm going ______ feeling insane
68%
we are the ______ of the ___-coming-backs leaders not
66%
yeah ____ alright though we're
65%
She's also saying I've got low ____-esteem shrink crazy
56%
my _________ told me that I got bad ______ neighbour brains
52%
No matching quizzes found
Score Distribution
Percent of People with Each Score
Percentile by Number Answered
Your Score History
You have not taken this quiz